000 01168nam a22003497a 4500
003 CHAP
005 20220329141557.0
008 971013s1992 r 00010 d
010 _a70405
011 _a71377
035 _a80931
040 _cCHAP
082 _a632.4
_bS52
100 0 0 _aSingleton, Larry L.
_eed.
_9106649
245 _aMethods for research on soilborne phytopathogenic fungi
260 _aSt. Paul, Minnesota :
_bAmerican Phytopathological Society,
_c1992
300 _a265 p.
590 _aBATCH-UPD
_b10
_c20130110
_lUCH01
_h0510
590 _aBATCH-UPD
_b10
_c20130110
_lUCH01
_h2326
590 _aBATCH-UPD
_b10
_c20130410
_lUCH01
_h0148
590 _aBATCH-UPD
_b10
_c20130410
_lUCH01
_h1615
590 _aBATCH-UPD
_b10
_c20130914
_lUCH01
_h1621
590 _aCONVERSION
_b10
_c20130109
_lUCH01
_h1339
650 1 4 _aHongos en suelos.
_956130
650 1 4 _aHongos fitopatógenos.
_956132
650 1 4 _aSuelos y fitopatología.
_9110577
700 0 _aMihail, Jeanne D.
_eed.
_975628
700 0 _aRush, Charles M.
_eed.
_9100926
901 _aBK
942 _cLIBRO
949 _a632.4 S52
_bBC
_cC
_d33724000395596
_eC
_gI.172837
_h86465
_i80931
_si
_t128.56
999 _c70405
_d70405